Najkrajšia dolina (Vrátna)
| Format: | Article |
|---|---|
| Language: | Slovak |
| Subjects: |
MARC
| LEADER | 00000nab a2200000 a 4500 | ||
|---|---|---|---|
| 001 | vtls009527803 | ||
| 003 | SK-MaSNL | ||
| 005 | 20260304173420.0 | ||
| 008 | 090619 1972 xo |00 0 slo | ||
| 015 | |a SNBRB1972 |2 snkbucl | ||
| 040 | |a SNKBUCL |b slo |c SNKBUCL |e AACR2 | ||
| 041 | 0 | |a slo | |
| 044 | |a xo |c SK | ||
| 080 | |a 796.92 |2 2001 | ||
| 245 | 0 | 0 | |a Najkrajšia dolina (Vrátna) |
| 300 | |b Obr. | ||
| 650 | 0 | 7 | |a lyžovanie |2 snkbucl |9 3256 |
| 651 | 7 | |a Vrátna dolina (Slovensko) |2 snkbucl |9 160644 | |
| 773 | 0 | |t Nedeľná Pravda |g Roč. 5, č. 7 (1971), s. 12-13 | |
| 999 | |c 3003173 |d 3005103 | ||


